000 00625nam a2200193Ia 4500
008 240729s9999 xx 000 0 und d
022 _a2769-643X
245 0 _aMedComm – Biomaterials and Applications
260 _aAustralia
260 _bWiley
650 _a Electrical engineering. Electronics. Nuclear engineering
650 _a Materials of engineering and construction. Mechanics of materials | Medicine
650 _a Medical technology
650 _a Medicine (General)
650 _aTechnology
856 _uhttps://doaj.org/toc/d897faa816624efb824b3c8a26d9254c
942 _2ddc
942 _cDOAJEJ
999 _c68523
_d68523
945 _a1
_bMadushi Gamage
_c1
_dMadushi Gamage